Welcome to CU Library Online Public Access Catalogue (OPAC)

Financial accounting; (Record no. 4264)

MARC details
000 -LEADER
fixed length control field 00535nam a22001817a 4500
005 - DATE AND TIME OF LATEST TRANSACTION
control field 20250224170012.0
008 - FIXED-LENGTH DATA ELEMENTS--GENERAL INFORMATION
fixed length control field 250224b |||||||| |||| 00| 0 eng d
020 ## - INTERNATIONAL STANDARD BOOK NUMBER
International Standard Book Number 9780030213373
050 ## - LIBRARY OF CONGRESS CALL NUMBER
Classification number HF5635
Item number POR
100 ## - MAIN ENTRY--PERSONAL NAME
Personal name Porter, Gary A.
245 ## - TITLE STATEMENT
Title Financial accounting;
Remainder of title the impact on decision makers
250 ## - EDITION STATEMENT
Edition statement 2nd
260 ## - PUBLICATION, DISTRIBUTION, ETC.
Place of publication, distribution, etc. Philadelphia
Name of publisher, distributor, etc. Harcourt Brace College Publishers
Date of publication, distribution, etc. c1999
300 ## - PHYSICAL DESCRIPTION
Extent xxix, 593p
500 ## - GENERAL NOTE
General note include glossary, appendix, subject index
700 ## - ADDED ENTRY--PERSONAL NAME
Personal name Norton, L. Curtis L.
942 ## - ADDED ENTRY ELEMENTS (KOHA)
Source of classification or shelving scheme Library of Congress Classification
Koha item type Books
Suppress in OPAC No
999 ## -
-- 4264
-- 4264
Holdings
Withdrawn status Lost status Source of classification or shelving scheme Damaged status Not for loan Collection Home library Current library Shelving location Date acquired Total checkouts Full call number Barcode Date last seen Copy number Price effective from Koha item type
    Library of Congress Classification     Non-fiction Undergraduate Library (Christ Temple) Undergraduate Library (Christ Temple) General stacks 02/24/2025   HF5635 POR ulct00001367 02/24/2025 1 02/24/2025 Books
© 2023-2024 Copyright: Central University Libraries. All Rights Reserved | Created by: Mahone Tech Office